000 00554nam a2200181Ia 4500
008 100921s9999 xx 000 0 und d
082 _b21716
_a891.463 थ 87
100 _aदेसाई रणजित.
245 _aअभोगी.
260 _bअजब पुस्तकालय,कोल्हापूर.
_c1987
300 _a244
_b---
365 _b60
520 _aललित-कादंबरी.
630 _aअभोगी.
650 _aललित-कादंबरी.
730 _aअभोगी.
942 _cBOOK
999 _c770829
_d770826